000 002890000a22001090004500
100 1 _aRivera Velasquez, Melvin
245 1 0 _aCuando el temor toca a la puerta
300 _aVol.47, núm.200 (1992), Páginas 10-11
650 1 4 _aANSIEDAD
773 0 _tLa Biblia en las Américas
942 _cANA
999 _c62891
_d62891